Automobilový trh sa po recesii stabilizuje
Globálna ekonomika sa začína spamätávať z recesie. Odrazilo sa to aj na vzrastajúcom dopyte po nových automobiloch. S výraznejším rastom predaja automobilov možno počítať na trhoch rozvíjajúcich sa ekonomík - ide o perspektívne trhy. Prírastky predaja automobilov.
Uložené v:
| Hlavný autor: | |
|---|---|
| Médium: | Kapitola |
| Jazyk: | Slovak |
| Predmet: | |
| Tagy: |
Žiadne tagy, Buďte prvý, kto otaguje tento záznam!
|
MARC
| LEADER | 00000naa a2200000 4500 | ||
|---|---|---|---|
| 001 | r045751 | ||
| 005 | 20230921114053.5 | ||
| 041 | 0 | |a slo | |
| 044 | |a SK | ||
| 245 | 1 | 0 | |a Automobilový trh sa po recesii stabilizuje |c Roman Schönwiesner |
| 520 | |a Globálna ekonomika sa začína spamätávať z recesie. Odrazilo sa to aj na vzrastajúcom dopyte po nových automobiloch. S výraznejším rastom predaja automobilov možno počítať na trhoch rozvíjajúcich sa ekonomík - ide o perspektívne trhy. Prírastky predaja automobilov. | ||
| 610 | 2 | 0 | |a automobilizmus |
| 610 | 2 | 0 | |a automobily |
| 610 | 2 | 0 | |a stabilizácia trhu |
| 610 | 2 | 0 | |a predaj |
| 610 | 2 | 0 | |a krajiny rozvojové |
| 100 | 1 | |a Schönwiesner, Roman | |